<?xml version="1.0" encoding="UTF-8"?>
<record
    xmlns:xsi="http://www.w3.org/2001/XMLSchema-instance"
    xsi:schemaLocation="http://www.loc.gov/MARC21/slim http://www.loc.gov/standards/marcxml/schema/MARC21slim.xsd"
    xmlns="http://www.loc.gov/MARC21/slim">

  <leader>02418cam a2200217 a 4500</leader>
  <controlfield tag="005">20080507142235.0</controlfield>
  <controlfield tag="008">061016s2007    maua     b    001 0 eng  </controlfield>
  <datafield tag="010" ind1=" " ind2=" ">
    <subfield code="a">ENG-95677</subfield>
  </datafield>
  <datafield tag="020" ind1=" " ind2=" ">
    <subfield code="a">9788120338579</subfield>
    <subfield code="c">425.00</subfield>
  </datafield>
  <datafield tag="035" ind1=" " ind2=" ">
    <subfield code="a">ENG-79211</subfield>
  </datafield>
  <datafield tag="040" ind1=" " ind2=" ">
    <subfield code="a">DPL</subfield>
  </datafield>
  <datafield tag="100" ind1=" " ind2=" ">
    <subfield code="a">Ghosh, Pallab</subfield>
  </datafield>
  <datafield tag="245" ind1=" " ind2=" ">
    <subfield code="a">Colloid and interface science /</subfield>
    <subfield code="c">by Pallab Ghosh</subfield>
  </datafield>
  <datafield tag="260" ind1=" " ind2=" ">
    <subfield code="a">New Delhi :</subfield>
    <subfield code="b">PHI Learning P. Ltd.</subfield>
    <subfield code="c">2009</subfield>
  </datafield>
  <datafield tag="300" ind1=" " ind2=" ">
    <subfield code="a">xii, 503 p. :</subfield>
    <subfield code="c">24 cm.(Pbk)</subfield>
  </datafield>
  <datafield tag="500" ind1=" " ind2=" ">
    <subfield code="a">Includes  index.</subfield>
  </datafield>
  <datafield tag="505" ind1=" " ind2=" ">
    <subfield code="a">How did we get here? -- Fundamental issues in the conduct of monetary policy -- What should central banks do? -- The transmission mechanism and the role of asset prices in monetary policy -- The role of output stabilization in the conduct of monetary policy -- Can central bank transparency go too far? -- Is there a role for monetary aggregates in the conduct of monetary policy? -- Rethinking the role of NAIRU in monetary policy : implications of model formulation and uncertainty -- Monetary policy strategy in advanced economies -- Introduction to part II -- Central bank behavior and the strategy of monetary policy : observations from six industrialized countries -- Inflation targeting : a new framework for monetary policy? -- International experiences with different monetary policy regimes -- Why the federal reserves should adopt inflation targeting -- Monetary policy strategy in emerging market and transition economies -- Introduction to part III -- Inflation targeting in emerging market countries -- Monetary policy strategies for Latin America -- Monetary policy strategies for emerging market countries: lessons from Latin America -- Inflation targeting in transition economies : experience and prospects -- A decade of inflation targeting in the world : what do we  know and what do we need to know? -- The dangers of exchange-rate pegging in emerging market countries -- The mirage of exchange-rate regimes for emerging market countries -- What have we learned? -- Introduction to part IV -- Everything you wanted to know about monetary policy strategy, but were afraid to ask.</subfield>
  </datafield>
  <datafield tag="942" ind1=" " ind2=" ">
    <subfield code="2">ddc</subfield>
    <subfield code="c">EN</subfield>
    <subfield code="m">GHO</subfield>
  </datafield>
  <datafield tag="999" ind1=" " ind2=" ">
    <subfield code="c">33229</subfield>
    <subfield code="d">33229</subfield>
  </datafield>
  <datafield tag="952" ind1=" " ind2=" ">
    <subfield code="0">0</subfield>
    <subfield code="1">0</subfield>
    <subfield code="2">ddc</subfield>
    <subfield code="4">0</subfield>
    <subfield code="7">1</subfield>
    <subfield code="8">NFIC</subfield>
    <subfield code="a">DBAD</subfield>
    <subfield code="b">DBAD</subfield>
    <subfield code="d">2009-12-18</subfield>
    <subfield code="e">DBAD / PUB </subfield>
    <subfield code="g">425.00</subfield>
    <subfield code="l">0</subfield>
    <subfield code="o">GHO</subfield>
    <subfield code="p">EN-79211</subfield>
    <subfield code="r">2009-12-18 00:00:00</subfield>
    <subfield code="t">1</subfield>
    <subfield code="v">425.00</subfield>
    <subfield code="w">2009-12-18</subfield>
    <subfield code="y">EN</subfield>
  </datafield>
</record>
